01548cam a2200397 a 4500999001900000001000800019003000500027005001700032008004100049010001700090020003400107040001800141050002100159082001500180100003800195245012800233260004400361300002100405440003300426500012000459504002900579650005000608650003600658650003100694650002800725650002300753650002300776650002200799650002100821651007000842655003300912655003100945906004500976942001201021952011701033 c232606d2326062333766Nust20170221122842.0821214s1983 nyu b s000 1 eng  a 82024541  a9780142437261 (pbk.) :c$2.25 aDLCcDLCdDLC10aPS1868b.A1 198300a813.3bHAW1 aHawthorne, Nathaniel,d1804-1864.14aThe scarlet letter :ba romance /cNathaniel Hawthorne ; with an introduction by Nina Baym and notes by Thomas E. Connolly. aNew York, N.Y. :bPenguin Books,c1983. a238 p. ;c18 cm. 4aThe Penguin American library aThe text is that of the Centenary ed. of the works of Nathaniel Hawthorne published by Ohio State University Press. aBibliography: p. 25-[26] 0aTriangles (Interpersonal relations)vFiction. 0aIllegitimate childrenvFiction. 0aWomen immigrantsvFiction. 0aMarried womenvFiction. 0aPuritansvFiction. 0aAdulteryvFiction. 0aRevengevFiction. 0aClergyvFiction. 0aBoston (Mass.)xHistoryyColonial period, ca. 1600-1775vFiction. 7aPsychological fiction.2lcsh 7aHistorical fiction.2gsafd a7bcbccorignewd1eocipf19gy-gencatlg 2ddccBK 00102ddc40708FICaCLbCLcFICd2017-02-21l2m2o813.3 HAWpCL939r2023-11-15s2023-10-10t1w2017-02-21yBK